Statistics for Countries with Bolivian embassies

Click here to take the quiz!

General Stats

  • This quiz has been taken 23 times
  • The average score is 31 of 34

Answer Stats

ContinentCountry% Correct
South AmericaArgentina
100%
EuropeBelgium
100%
AsiaChina
100%
EuropeAustria
95%
South AmericaUruguay
95%
North AmericaUnited States of America
95%
EuropeUnited Kingdom
95%
EuropeSpain
95%
Asia/ EuropeRussia
95%
South AmericaPeru
95%
South AmericaParaguay
95%
AsiaJapan
95%
South AmericaVenezuela
95%
EuropeFrance
95%
EuropeDenmark
95%
South AmericaBrazil
95%
North AmericaCanada
95%
South AmericaChile
95%
South AmericaColombia
95%
North AmericaCosta Rica
95%
North AmericaCuba
95%
South AmericaEcuador
95%
North AmericaPanama
90%
EuropeGermany
90%
EuropeSweden
90%
EuropeSwitzerland
90%
AfricaEgypt
90%
AsiaIndia
90%
EuropeVatican City
90%
AsiaSouth Korea
86%
EuropeItaly
86%
Europethe Netherlands
81%
North AmericaMexico
81%
AsiaIran
71%

Score Distribution

Percentile by Number Answered

Percent of People with Each Score

Your Score History

You have not taken this quiz